000 00602cam a22001694a 4500
082 0 0 _a320
_bALM
_cN-01,P-156
100 _aAlmond A Gabriel
_942722
245 0 0 _aComparative politics today :
_ba world view /
_c[edited by] Gabriel A. Almond ... [et al.].
250 _aAdvanced placement ed., Updated 8th ed.
260 _bPearson/Longman,
_cc2007.
300 _axxv, 808 p. :
_bill., maps ;
_c28 cm.
526 _a0
_b0
_c0
_d320_000000000000000_ALM
650 0 _aNUST
_96342
700 1 _aAlmond, Gabriel A.
_937662
856 4 1 _uhttp://www.loc.gov/catdir/toc/ecip0610/2006008317.html
942 _2ddc
_cBK
999 _c546572
_d546572